000 00618nam a2200241Ia 4500
003 OSt
005 20221007065215.0
006 a|||||r|||| 00| 0
007 ta
008 221006b |||||||| |||| 00| 0 eng d
024 _a21,924
037 _cTextual
040 _aFLL
_cFLL
_beng
041 _2eng
_aeng
082 _aZ,91, K9
100 _aFuller Lon L.
_9336777
245 0 _aMorality of law
250 _a4th
260 _aDelhi
_bUniversal Law Publishing Co. Pvt. Ltd. India
_c1969
300 _axi,262p
_ccm.
942 _hZ,91, K9
_cTEXL
_2CC
999 _c1136630
_d1136630